| 000 | 00589nam a2200145 a 4500 | ||
|---|---|---|---|
| 008 | 120416s1947 ||||||||||||||||| || u | ||
| 050 | _aTK 7881 Mac | ||
| 100 | _aMcQuillen, J. W | ||
| 245 | 1 | 0 | _aIndustrial electrification |
| 246 | _aa handbook for electrical engineers employed in the installation, supervision and maintenance of ele | ||
| 260 |
_aLondon _bPitman _c1947 |
||
| 300 | _avii, 116p. : ill | ||
| 350 | _a0.00 | ||
| 995 |
_D0.00 _FCBU-MAIN LIBRARY (Kitwe) _H1 _I2.50 _UWEEDED _VJul 26, 2017 _ZMain Library Open Access Collection |
||
| 999 |
_c46713 _d46713 |
||